[Event "RUS-ch Blitz 2021"]
[Site "Sochi"]
[Date "2021.10.11"]
[Round "5.9"]
[White "Antipov, Mikhail Al."]
[Black "Lobanov, Sergei"]
[Result "1-0"]
[WhiteElo "2619"]
[BlackElo "2501"]
[Annotator "ChessBase"]
[PlyCount "75"]
[EventDate "2021.10.11"]
[EventType "blitz"]
[EventCountry "RUS"]
[SourceTitle "playchess.com"]
[Source "ChessBase"]
[SourceQuality "1"]
[TimeControl "180+2"]

1. e4 {[%emt 0:00:00]} e5 {[%emt 0:00:00]} 2. Nf3 {[%emt 0:00:00]} Nc6 {
[%emt 0:00:07]} 3. Bc4 {[%emt 0:00:02]} Nf6 {[%emt 0:00:00]} 4. d3 {[%emt 0:00:
00]} Bc5 {[%emt 0:00:00]} 5. O-O {[%emt 0:00:07]} d6 {[%emt 0:00:00]} 6. c3 {
[%emt 0:00:01]} a5 {[%emt 0:00:01]} 7. Re1 {[%emt 0:00:17]} O-O {[%emt 0:00:14]
} 8. h3 {[%emt 0:00:06]} h6 {[%emt 0:00:01]} 9. Nbd2 {[%emt 0:00:00]} Be6 {
[%emt 0:00:08]} 10. Bb5 {[%emt 0:00:00]} Qb8 {[%emt 0:00:02]} 11. Nf1 {[%emt 0:
00:04]} Qa7 {[%emt 0:00:00]} 12. d4 {[%emt 0:00:00]} exd4 {[%emt 0:00:07]} 13.
Bxc6 {[%emt 0:00:00]} dxc3 {[%emt 0:00:13]} 14. Ba4 {[%emt 0:00:03]} Bxf2+ {
[%emt 0:00:00]} 15. Kh2 {[%emt 0:00:00]} Bxe1 {[%emt 0:00:12]} 16. Qxe1 {
[%emt 0:00:00]} d5 {[%emt 0:00:05]} 17. Be3 {[%emt 0:00:00]} c5 {[%emt 0:00:11]
} 18. e5 {[%emt 0:00:00]} Ne4 {[%emt 0:00:00]} 19. bxc3 {[%emt 0:00:05]} b6 {
[%emt 0:00:08]} 20. c4 {[%emt 0:00:47]} Qc7 {[%emt 0:00:23]} 21. cxd5 {[%emt 0:
00:16]} Bxd5 {[%emt 0:00:00]} 22. Rd1 {[%emt 0:00:05]} Bc6 {[%emt 0:00:05]} 23.
Bc2 {[%emt 0:00:36]} f5 {[%emt 0:00:23]} 24. Ng3 {[%emt 0:00:03]} Rae8 {
[%emt 0:00:16]} 25. Bc1 {[%emt 0:00:54]} Nxg3 {[%emt 0:00:44]} 26. Qxg3 {
[%emt 0:00:03]} Be4 {[%emt 0:00:02]} 27. Ba4 {[%emt 0:00:06]} Rd8 {[%emt 0:00:
13]} 28. Rd6 {[%emt 0:00:07]} Bxf3 {[%emt 0:00:11]} 29. gxf3 {[%emt 0:00:05]}
f4 {[%emt 0:00:05]} 30. Bxf4 {[%emt 0:00:06]} Rxd6 {[%emt 0:00:01]} 31. exd6 {
[%emt 0:00:02]} Qf7 {[%emt 0:00:00]} 32. Be5 {[%emt 0:00:08]} Qxa2+ {[%emt 0:
00:02]} 33. Qg2 {[%emt 0:00:00]} Qxg2+ {[%emt 0:00:09]} 34. Kxg2 {[%emt 0:00:
01]} Kf7 {[%emt 0:00:03]} 35. d7 {[%emt 0:00:06]} Ke7 {[%emt 0:00:00]} 36. Bc7
{[%emt 0:00:00]} c4 {[%emt 0:00:03]} 37. Bxb6 {[%emt 0:00:01]} c3 {[%emt 0:00:
00]} 38. Bxa5 {[%emt 0:00:01]} 1-0

[Event "RUS-ch Blitz 2021"]
[Site "Sochi"]
[Date "2021.10.11"]
[Round "5.10"]
[White "Bocharov, Dmitry"]
[Black "Somkin, Kirill"]
[Result "1-0"]
[WhiteElo "2517"]
[BlackElo "2186"]
[Annotator "ChessBase"]
[PlyCount "55"]
[EventDate "2021.10.11"]
[EventType "blitz"]
[EventCountry "RUS"]
[SourceTitle "playchess.com"]
[Source "ChessBase"]
[SourceQuality "1"]
[TimeControl "180+2"]

1. d4 {[%emt 0:00:00]} d5 {[%emt 0:00:00]} 2. c4 {[%emt 0:00:08]} c6 {[%emt 0:
00:02]} 3. Nf3 {[%emt 0:00:00]} Nf6 {[%emt 0:00:00]} 4. g3 {[%emt 0:00:00]}
dxc4 {[%emt 0:00:22]} 5. Bg2 {[%emt 0:00:05]} g6 {[%emt 0:00:00]} 6. a4 {
[%emt 0:00:05]} Bg7 {[%emt 0:00:09]} 7. O-O {[%emt 0:00:08]} O-O {[%emt 0:00:
02]} 8. Na3 {[%emt 0:00:00]} h6 {[%emt 0:01:12]} 9. Nxc4 {[%emt 0:00:02]} Be6 {
[%emt 0:00:02]} 10. b3 {[%emt 0:00:11]} Na6 {[%emt 0:00:09]} 11. Re1 {[%emt 0:
00:00]} Ne4 {[%emt 0:00:07]} 12. Bb2 {[%emt 0:00:09]} Nb4 {[%emt 0:00:20]} 13.
Nfd2 {[%emt 0:00:10]} Nxd2 {[%emt 0:00:10]} 14. Qxd2 {[%emt 0:00:06]} a5 {
[%emt 0:00:00]} 15. e4 {[%emt 0:00:17]} Qc7 {[%emt 0:00:17]} 16. Rac1 {[%emt 0:
00:12]} Rfd8 {[%emt 0:00:04]} 17. d5 {[%emt 0:00:00]} Bd7 {[%emt 0:00:07]} 18.
Bxg7 {[%emt 0:00:14]} Kxg7 {[%emt 0:00:04]} 19. h4 {[%emt 0:00:13]} h5 {
[%emt 0:00:05]} 20. Qd4+ {[%emt 0:00:14]} Kg8 {[%emt 0:00:00]} 21. e5 {[%emt 0:
00:07]} Be6 {[%emt 0:00:21]} 22. d6 {[%emt 0:00:33]} Bxc4 {[%emt 0:00:00]} 23.
bxc4 {[%emt 0:00:04]} exd6 {[%emt 0:00:00]} 24. e6 {[%emt 0:00:00]} d5 {
[%emt 0:00:11]} 25. cxd5 {[%emt 0:00:07]} Qe7 {[%emt 0:00:04]} 26. exf7+ {
[%emt 0:00:15]} Qxf7 {[%emt 0:00:00]} 27. d6 {[%emt 0:00:02]} Rd7 {[%emt 0:00:
00]} 28. Bh3 {[%emt 0:00:04]} 1-0

[Event "RUS-ch Blitz 2021"]
[Site "Sochi"]
[Date "2021.10.11"]
[Round "5.11"]
[White "Lysyj, Igor"]
[Black "Smagin, Sergey"]
[Result "1/2-1/2"]
[WhiteElo "2603"]
[BlackElo "2551"]
[Annotator "ChessBase"]
[PlyCount "79"]
[EventDate "2021.10.11"]
[EventType "blitz"]
[EventCountry "RUS"]
[SourceTitle "playchess.com"]
[Source "ChessBase"]
[SourceQuality "1"]
[TimeControl "180+2"]

1. d4 {[%emt 0:00:00]} d5 {[%emt 0:00:00]} 2. c4 {[%emt 0:00:08]} e6 {[%emt 0:
00:01]} 3. Nf3 {[%emt 0:00:00]} Nd7 {[%emt 0:00:00]} 4. g3 {[%emt 0:00:00]}
dxc4 {[%emt 0:00:00]} 5. Bg2 {[%emt 0:00:03]} Ne7 {[%emt 0:00:01]} 6. O-O {
[%emt 0:00:03]} Nc6 {[%emt 0:00:02]} 7. Qc2 {[%emt 0:00:05]} Nb6 {[%emt 0:00:
00]} 8. Rd1 {[%emt 0:00:03]} Be7 {[%emt 0:00:01]} 9. Nc3 {[%emt 0:00:03]} O-O {
[%emt 0:00:01]} 10. a3 {[%emt 0:00:03]} Re8 {[%emt 0:00:22]} 11. e4 {[%emt 0:
00:08]} h6 {[%emt 0:00:19]} 12. Bf4 {[%emt 0:00:02]} Na5 {[%emt 0:00:11]} 13.
Re1 {[%emt 0:00:08]} a6 {[%emt 0:00:05]} 14. Rad1 {[%emt 0:00:00]} Bd6 {
[%emt 0:00:07]} 15. Be3 {[%emt 0:00:06]} Bd7 {[%emt 0:00:05]} 16. Ne5 {[%emt 0:
00:08]} Bxe5 {[%emt 0:00:38]} 17. dxe5 {[%emt 0:00:02]} Qe7 {[%emt 0:00:03]}
18. f4 {[%emt 0:00:12]} Rad8 {[%emt 0:00:06]} 19. Qf2 {[%emt 0:00:18]} Na4 {
[%emt 0:00:05]} 20. Nxa4 {[%emt 0:00:17]} Bxa4 {[%emt 0:00:00]} 21. Bc5 {
[%emt 0:00:00]} Bxd1 {[%emt 0:00:06]} 22. Bxe7 {[%emt 0:00:04]} Rxe7 {[%emt 0:
00:02]} 23. Qc5 {[%emt 0:00:07]} Nc6 {[%emt 0:00:00]} 24. Qxc4 {[%emt 0:00:10]}
Red7 {[%emt 0:00:01]} 25. Qc5 {[%emt 0:00:08]} Ba4 {[%emt 0:00:24]} 26. h4 {
[%emt 0:00:35]} b6 {[%emt 0:00:02]} 27. Qc3 {[%emt 0:00:07]} Rd3 {[%emt 0:00:
05]} 28. Qc4 {[%emt 0:00:00]} Bb5 {[%emt 0:00:01]} 29. Qc1 {[%emt 0:00:04]}
Rxg3 {[%emt 0:00:03]} 30. Kh2 {[%emt 0:00:11]} Rgd3 {[%emt 0:00:00]} 31. Re3 {
[%emt 0:00:07]} Rd2 {[%emt 0:00:03]} 32. b3 {[%emt 0:00:07]} Rd1 {[%emt 0:00:
34]} 33. Qc3 {[%emt 0:00:02]} R8d2 {[%emt 0:00:15]} 34. a4 {[%emt 0:00:20]} Bf1
{[%emt 0:00:05]} 35. Rg3 {[%emt 0:00:00]} Nd4 {[%emt 0:00:13]} 36. Qxc7 {
[%emt 0:00:11]} Nf3+ {[%emt 0:00:00]} 37. Kh3 {[%emt 0:00:00]} Ng1+ {[%emt 0:
00:02]} 38. Kh2 {[%emt 0:00:00]} Nf3+ {[%emt 0:00:00]} 39. Kh3 {[%emt 0:00:00]}
Ng1+ {[%emt 0:00:01]} 40. Kh2 {[%emt 0:00:00]} 1/2-1/2

[Event "RUS-ch Blitz 2021"]
[Site "Sochi"]
[Date "2021.10.11"]
[Round "5.12"]
[White "Kukhmazov, Arsen"]
[Black "Grachev, Boris"]
[Result "1-0"]
[WhiteElo "2472"]
[BlackElo "2615"]
[Annotator "ChessBase"]
[PlyCount "87"]
[EventDate "2021.10.11"]
[EventType "blitz"]
[EventCountry "RUS"]
[SourceTitle "playchess.com"]
[Source "ChessBase"]
[SourceQuality "1"]
[TimeControl "180+2"]

1. d4 {[%emt 0:00:00]} Nf6 {[%emt 0:00:06]} 2. c4 {[%emt 0:00:02]} e6 {[%emt 0:
00:00]} 3. Nf3 {[%emt 0:00:00]} a6 {[%emt 0:00:04]} 4. Nc3 {[%emt 0:00:02]} d5
{[%emt 0:00:00]} 5. cxd5 {[%emt 0:00:06]} exd5 {[%emt 0:00:00]} 6. Bg5 {
[%emt 0:00:00]} Be6 {[%emt 0:00:00]} 7. Bxf6 {[%emt 0:00:04]} Qxf6 {[%emt 0:00:
00]} 8. Qb3 {[%emt 0:00:02]} Ra7 {[%emt 0:00:03]} 9. g3 {[%emt 0:00:00]} Bd6 {
[%emt 0:00:03]} 10. Bg2 {[%emt 0:00:00]} Qd8 {[%emt 0:00:45]} 11. h4 {[%emt 0:
00:15]} h6 {[%emt 0:00:08]} 12. O-O {[%emt 0:00:09]} c6 {[%emt 0:00:02]} 13.
Qc2 {[%emt 0:00:30]} Nd7 {[%emt 0:00:17]} 14. Rad1 {[%emt 0:00:16]} O-O {
[%emt 0:00:02]} 15. e4 {[%emt 0:00:29]} dxe4 {[%emt 0:00:04]} 16. Nxe4 {
[%emt 0:00:00]} Nf6 {[%emt 0:00:09]} 17. Ne5 {[%emt 0:00:23]} Ra8 {[%emt 0:00:
06]} 18. Rfe1 {[%emt 0:00:09]} Nxe4 {[%emt 0:00:12]} 19. Bxe4 {[%emt 0:00:00]}
Qf6 {[%emt 0:00:08]} 20. f4 {[%emt 0:00:10]} Rad8 {[%emt 0:00:05]} 21. a3 {
[%emt 0:00:13]} Bb8 {[%emt 0:00:00]} 22. Kg2 {[%emt 0:00:03]} Ba7 {[%emt 0:00:
12]} 23. Qc3 {[%emt 0:00:29]} Bd5 {[%emt 0:00:06]} 24. Nf3 {[%emt 0:00:00]} Rd7
{[%emt 0:00:25]} 25. Bxd5 {[%emt 0:00:09]} Rxd5 {[%emt 0:00:04]} 26. Re5 {
[%emt 0:00:00]} Rfd8 {[%emt 0:00:04]} 27. b4 {[%emt 0:00:12]} Qd6 {[%emt 0:00:
08]} 28. Rd3 {[%emt 0:00:09]} f6 {[%emt 0:00:04]} 29. Re4 {[%emt 0:00:03]} h5 {
[%emt 0:00:12]} 30. Qe1 {[%emt 0:00:00]} Qf8 {[%emt 0:00:02]} 31. Re7 {[%emt 0:
00:02]} R5d7 {[%emt 0:00:10]} 32. Qe6+ {[%emt 0:00:04]} Kh7 {[%emt 0:00:20]}
33. Rxd7 {[%emt 0:00:03]} Rxd7 {[%emt 0:00:00]} 34. Qxd7 {[%emt 0:00:00]} Qg8 {
[%emt 0:00:05]} 35. Qf5+ {[%emt 0:00:00]} Kh6 {[%emt 0:00:03]} 36. Re3 {
[%emt 0:00:06]} Qa2+ {[%emt 0:00:00]} 37. Kh3 {[%emt 0:00:02]} Qf2 {[%emt 0:00:
00]} 38. Qe6 {[%emt 0:00:02]} Qf1+ {[%emt 0:00:04]} 39. Kh2 {[%emt 0:00:00]}
Qf2+ {[%emt 0:00:00]} 40. Kh1 {[%emt 0:00:04]} Qxg3 {[%emt 0:00:01]} 41. Ng5 {
[%emt 0:00:02]} Qxh4+ {[%emt 0:00:05]} 42. Rh3 {[%emt 0:00:00]} Qf2 {[%emt 0:
00:00]} 43. Nf7+ {[%emt 0:00:06]} Kg6 {[%emt 0:00:00]} 44. Ne5+ {[%emt 0:00:00]
} 1-0

[Event "RUS-ch Blitz 2021"]
[Site "Sochi"]
[Date "2021.10.11"]
[Round "5.13"]
[White "Iljiushenok, Ilia"]
[Black "Vlassow, Valentin"]
[Result "1-0"]
[WhiteElo "2554"]
[BlackElo "2238"]
[Annotator "ChessBase"]
[PlyCount "103"]
[EventDate "2021.10.11"]
[EventType "blitz"]
[EventCountry "RUS"]
[SourceTitle "playchess.com"]
[Source "ChessBase"]
[SourceQuality "1"]
[TimeControl "180+2"]

1. e4 {[%emt 0:00:00]} Nf6 {[%emt 0:00:00]} 2. e5 {[%emt 0:00:08]} Nd5 {
[%emt 0:00:03]} 3. d4 {[%emt 0:00:00]} d6 {[%emt 0:00:00]} 4. c4 {[%emt 0:00:
00]} Nb6 {[%emt 0:00:04]} 5. f4 {[%emt 0:00:01]} dxe5 {[%emt 0:00:00]} 6. fxe5
{[%emt 0:00:00]} c5 {[%emt 0:00:00]} 7. d5 {[%emt 0:00:03]} g6 {[%emt 0:00:02]}
8. Nc3 {[%emt 0:00:03]} Bg7 {[%emt 0:00:00]} 9. Bf4 {[%emt 0:00:06]} O-O {
[%emt 0:00:00]} 10. Qd2 {[%emt 0:00:02]} e6 {[%emt 0:00:00]} 11. O-O-O {
[%emt 0:00:10]} exd5 {[%emt 0:00:00]} 12. cxd5 {[%emt 0:00:02]} Bg4 {[%emt 0:
00:10]} 13. Nf3 {[%emt 0:00:13]} c4 {[%emt 0:00:22]} 14. Bh6 {[%emt 0:00:22]}
Bxf3 {[%emt 0:00:35]} 15. Bxg7 {[%emt 0:00:03]} Kxg7 {[%emt 0:00:16]} 16. gxf3
{[%emt 0:00:00]} N8d7 {[%emt 0:00:04]} 17. Qd4 {[%emt 0:00:12]} Kg8 {[%emt 0:
00:14]} 18. h4 {[%emt 0:00:00]} Qc7 {[%emt 0:00:06]} 19. f4 {[%emt 0:00:08]}
Qc5 {[%emt 0:00:07]} 20. h5 {[%emt 0:00:28]} Qxd4 {[%emt 0:00:00]} 21. Rxd4 {
[%emt 0:00:00]} Rac8 {[%emt 0:00:18]} 22. hxg6 {[%emt 0:00:08]} hxg6 {[%emt 0:
00:07]} 23. Bh3 {[%emt 0:00:00]} Kg7 {[%emt 0:00:07]} 24. e6 {[%emt 0:00:18]}
fxe6 {[%emt 0:00:03]} 25. dxe6 {[%emt 0:00:03]} Nc5 {[%emt 0:00:07]} 26. e7 {
[%emt 0:00:02]} Rh8 {[%emt 0:00:20]} 27. Re1 {[%emt 0:00:36]} Rce8 {[%emt 0:00:
10]} 28. Bf1 {[%emt 0:00:09]} Kf7 {[%emt 0:00:07]} 29. Ne4 {[%emt 0:00:11]}
Nxe4 {[%emt 0:00:07]} 30. Rdxe4 {[%emt 0:00:05]} Rh4 {[%emt 0:00:18]} 31. a4 {
[%emt 0:00:00]} a5 {[%emt 0:00:00]} 32. Re6 {[%emt 0:00:00]} Rxf4 {[%emt 0:00:
10]} 33. Rxb6 {[%emt 0:00:03]} Rxe7 {[%emt 0:00:00]} 34. Rxe7+ {[%emt 0:00:03]}
Kxe7 {[%emt 0:00:00]} 35. Be2 {[%emt 0:00:04]} g5 {[%emt 0:00:10]} 36. Rg6 {
[%emt 0:00:00]} Re4 {[%emt 0:00:00]} 37. Kd2 {[%emt 0:00:06]} c3+ {[%emt 0:00:
02]} 38. bxc3 {[%emt 0:00:07]} Rxa4 {[%emt 0:00:00]} 39. Rxg5 {[%emt 0:00:00]}
Kd6 {[%emt 0:00:02]} 40. Rb5 {[%emt 0:00:05]} Kc7 {[%emt 0:00:00]} 41. Bf3 {
[%emt 0:00:02]} b6 {[%emt 0:00:03]} 42. Kd3 {[%emt 0:00:00]} Rf4 {[%emt 0:00:
01]} 43. Be4 {[%emt 0:00:02]} Rf6 {[%emt 0:00:00]} 44. Rh5 {[%emt 0:00:08]} Rf7
{[%emt 0:00:01]} 45. Rh6 {[%emt 0:00:00]} Rd7+ {[%emt 0:00:04]} 46. Kc4 {
[%emt 0:00:00]} a4 {[%emt 0:00:10]} 47. Bc6 {[%emt 0:00:09]} Rg7 {[%emt 0:00:
02]} 48. Bxa4 {[%emt 0:00:00]} Kb7 {[%emt 0:00:02]} 49. Bc6+ {[%emt 0:00:05]}
Ka7 {[%emt 0:00:00]} 50. Be4 {[%emt 0:00:03]} Rc7+ {[%emt 0:00:02]} 51. Kb4 {
[%emt 0:00:00]} Re7 {[%emt 0:00:01]} 52. Rh7 {[%emt 0:00:03]} 1-0

[Event "RUS-ch Blitz 2021"]
[Site "Sochi"]
[Date "2021.10.11"]
[Round "5.14"]
[White "Savitskiy, Sergey"]
[Black "Afanasiev, Nikita"]
[Result "0-1"]
[WhiteElo "2439"]
[BlackElo "2560"]
[Annotator "ChessBase"]
[PlyCount "78"]
[EventDate "2021.10.11"]
[EventType "blitz"]
[EventCountry "RUS"]
[SourceTitle "playchess.com"]
[Source "ChessBase"]
[SourceQuality "1"]
[TimeControl "180+2"]

1. e4 {[%emt 0:00:00]} e5 {[%emt 0:00:00]} 2. Nf3 {[%emt 0:00:00]} Nc6 {
[%emt 0:00:07]} 3. d4 {[%emt 0:00:04]} exd4 {[%emt 0:00:00]} 4. Nxd4 {[%emt 0:
00:00]} Qf6 {[%emt 0:00:03]} 5. Nb5 {[%emt 0:00:16]} Bc5 {[%emt 0:00:09]} 6.
Qe2 {[%emt 0:00:15]} Qd8 {[%emt 0:00:22]} 7. Be3 {[%emt 0:00:11]} Bxe3 {
[%emt 0:00:17]} 8. Qxe3 {[%emt 0:00:00]} a6 {[%emt 0:00:03]} 9. N5c3 {[%emt 0:
00:08]} Nge7 {[%emt 0:00:12]} 10. g3 {[%emt 0:00:07]} O-O {[%emt 0:00:12]} 11.
Bg2 {[%emt 0:00:00]} d5 {[%emt 0:00:27]} 12. exd5 {[%emt 0:00:32]} Nf5 {
[%emt 0:00:09]} 13. Qd2 {[%emt 0:00:14]} Re8+ {[%emt 0:00:00]} 14. Kf1 {
[%emt 0:00:02]} Ne5 {[%emt 0:00:11]} 15. Na3 {[%emt 0:00:24]} b5 {[%emt 0:00:
00]} 16. Ne4 {[%emt 0:00:10]} Nd6 {[%emt 0:00:16]} 17. Nxd6 {[%emt 0:00:04]}
cxd6 {[%emt 0:00:11]} 18. c3 {[%emt 0:00:04]} Bf5 {[%emt 0:00:05]} 19. h3 {
[%emt 0:00:14]} Qf6 {[%emt 0:00:07]} 20. Kg1 {[%emt 0:00:11]} Bg6 {[%emt 0:00:
21]} 21. f4 {[%emt 0:00:23]} Nd3 {[%emt 0:00:14]} 22. Kh2 {[%emt 0:00:08]} Re7
{[%emt 0:00:00]} 23. Nc2 {[%emt 0:00:04]} Nxb2 {[%emt 0:00:03]} 24. Nd4 {
[%emt 0:00:00]} Nc4 {[%emt 0:00:00]} 25. Qf2 {[%emt 0:00:06]} Be4 {[%emt 0:00:
00]} 26. Nc6 {[%emt 0:00:04]} Ree8 {[%emt 0:00:00]} 27. Nd4 {[%emt 0:00:06]}
Bxg2 {[%emt 0:00:05]} 28. Qxg2 {[%emt 0:00:00]} Re3 {[%emt 0:00:03]} 29. Rhe1 {
[%emt 0:00:08]} Rae8 {[%emt 0:00:00]} 30. Rxe3 {[%emt 0:00:02]} Rxe3 {[%emt 0:
00:00]} 31. Rc1 {[%emt 0:00:00]} h5 {[%emt 0:00:05]} 32. h4 {[%emt 0:00:00]}
Qg6 {[%emt 0:00:03]} 33. f5 {[%emt 0:00:07]} Qg4 {[%emt 0:00:01]} 34. Rc2 {
[%emt 0:00:04]} Ne5 {[%emt 0:00:09]} 35. Rf2 {[%emt 0:00:00]} Rxc3 {[%emt 0:00:
01]} 36. Rf4 {[%emt 0:00:00]} Qd1 {[%emt 0:00:02]} 37. f6 {[%emt 0:00:06]} Ng4+
{[%emt 0:00:03]} 38. Rxg4 {[%emt 0:00:00]} hxg4 {[%emt 0:00:00]} 39. Nf5 {
[%emt 0:00:03]} Rc2 {[%emt 0:00:00]} 0-1

[Event "RUS-ch Blitz 2021"]
[Site "Sochi"]
[Date "2021.10.11"]
[Round "5.15"]
[White "Samusenko, Maksim"]
[Black "Rozum, Ivan"]
[Result "0-1"]
[WhiteElo "2461"]
[BlackElo "2529"]
[Annotator "ChessBase"]
[PlyCount "80"]
[EventDate "2021.10.11"]
[EventType "blitz"]
[EventCountry "RUS"]
[SourceTitle "playchess.com"]
[Source "ChessBase"]
[SourceQuality "1"]
[TimeControl "180+2"]

1. e4 {[%emt 0:00:00]} c6 {[%emt 0:00:00]} 2. Nc3 {[%emt 0:00:08]} d5 {[%emt 0:
00:03]} 3. Nf3 {[%emt 0:00:00]} Bg4 {[%emt 0:00:00]} 4. h3 {[%emt 0:00:00]}
Bxf3 {[%emt 0:00:00]} 5. Qxf3 {[%emt 0:00:00]} e6 {[%emt 0:00:05]} 6. Be2 {
[%emt 0:00:00]} Nf6 {[%emt 0:00:02]} 7. O-O {[%emt 0:00:08]} Bc5 {[%emt 0:00:
00]} 8. Rd1 {[%emt 0:00:03]} Bd4 {[%emt 0:00:00]} 9. Qf4 {[%emt 0:00:02]} Bxc3
{[%emt 0:00:17]} 10. bxc3 {[%emt 0:00:07]} Nxe4 {[%emt 0:00:04]} 11. Rb1 {
[%emt 0:00:18]} b6 {[%emt 0:00:04]} 12. Ba3 {[%emt 0:00:14]} Nd7 {[%emt 0:00:
00]} 13. c4 {[%emt 0:00:13]} Qf6 {[%emt 0:00:10]} 14. Qe3 {[%emt 0:00:03]} Qg5
{[%emt 0:00:02]} 15. f4 {[%emt 0:00:02]} Qg3 {[%emt 0:00:01]} 16. Bf3 {[%emt 0:
00:00]} O-O-O {[%emt 0:00:15]} 17. Bb4 {[%emt 0:00:39]} Kc7 {[%emt 0:00:23]}
18. d3 {[%emt 0:00:07]} Nd6 {[%emt 0:00:00]} 19. Be1 {[%emt 0:00:04]} Qg6 {
[%emt 0:00:19]} 20. a4 {[%emt 0:00:06]} Rhe8 {[%emt 0:00:08]} 21. a5 {[%emt 0:
00:11]} Rb8 {[%emt 0:00:00]} 22. Bf2 {[%emt 0:00:04]} Qf6 {[%emt 0:00:18]} 23.
Qd2 {[%emt 0:00:13]} Red8 {[%emt 0:00:23]} 24. Qb4 {[%emt 0:00:07]} Qxf4 {
[%emt 0:00:08]} 25. axb6+ {[%emt 0:00:11]} axb6 {[%emt 0:00:00]} 26. Ra1 {
[%emt 0:00:08]} Rb7 {[%emt 0:00:00]} 27. Ra6 {[%emt 0:00:07]} Rdb8 {[%emt 0:00:
29]} 28. Qc3 {[%emt 0:00:13]} Ne5 {[%emt 0:00:13]} 29. Be2 {[%emt 0:00:00]}
dxc4 {[%emt 0:00:05]} 30. Bd4 {[%emt 0:00:20]} f6 {[%emt 0:00:13]} 31. Rf1 {
[%emt 0:00:00]} Qg5 {[%emt 0:00:02]} 32. dxc4 {[%emt 0:00:06]} c5 {[%emt 0:00:
06]} 33. Be3 {[%emt 0:00:00]} Qg3 {[%emt 0:00:00]} 34. Bf3 {[%emt 0:00:08]}
Nxf3+ {[%emt 0:00:06]} 35. Rxf3 {[%emt 0:00:00]} Qe5 {[%emt 0:00:00]} 36. Qb3 {
[%emt 0:00:05]} Qe4 {[%emt 0:00:03]} 37. Bf4 {[%emt 0:00:06]} e5 {[%emt 0:00:
00]} 38. Bg3 {[%emt 0:00:00]} Qxc4 {[%emt 0:00:04]} 39. Qa3 {[%emt 0:00:00]}
Nb5 {[%emt 0:00:05]} 40. Qc1 {[%emt 0:00:00]} Nd4 {[%emt 0:00:01]} 0-1

[Event "RUS-ch Blitz 2021"]
[Site "Sochi"]
[Date "2021.10.11"]
[Round "5.16"]
[White "Petrov, Nikita"]
[Black "Smirnov, Timofey"]
[Result "1-0"]
[WhiteElo "2539"]
[BlackElo "2409"]
[Annotator "ChessBase"]
[PlyCount "93"]
[EventDate "2021.10.11"]
[EventType "blitz"]
[EventCountry "RUS"]
[SourceTitle "playchess.com"]
[Source "ChessBase"]
[SourceQuality "1"]
[TimeControl "180+2"]

1. Nf3 {[%emt 0:00:00]} d5 {[%emt 0:00:00]} 2. c4 {[%emt 0:00:00]} c6 {[%emt 0:
00:07]} 3. e3 {[%emt 0:00:04]} Bg4 {[%emt 0:00:00]} 4. Qb3 {[%emt 0:00:05]} Qc7
{[%emt 0:00:03]} 5. cxd5 {[%emt 0:00:06]} cxd5 {[%emt 0:00:04]} 6. Nc3 {
[%emt 0:00:00]} Bxf3 {[%emt 0:00:00]} 7. gxf3 {[%emt 0:00:00]} e6 {[%emt 0:00:
01]} 8. d4 {[%emt 0:00:10]} Nc6 {[%emt 0:00:00]} 9. Bd2 {[%emt 0:00:03]} Nf6 {
[%emt 0:00:01]} 10. f4 {[%emt 0:00:03]} g6 {[%emt 0:00:13]} 11. Bd3 {[%emt 0:
00:04]} Bg7 {[%emt 0:00:14]} 12. Rc1 {[%emt 0:00:01]} O-O {[%emt 0:00:00]} 13.
O-O {[%emt 0:00:03]} Rfc8 {[%emt 0:00:28]} 14. Na4 {[%emt 0:00:25]} Ne8 {
[%emt 0:00:00]} 15. Nc5 {[%emt 0:00:12]} Nd6 {[%emt 0:00:02]} 16. Qa4 {[%emt 0:
00:04]} a6 {[%emt 0:00:22]} 17. b3 {[%emt 0:00:15]} Bf8 {[%emt 0:00:21]} 18.
Rc2 {[%emt 0:00:14]} b5 {[%emt 0:00:14]} 19. Qa3 {[%emt 0:00:00]} Nb7 {[%emt 0:
00:02]} 20. Qb2 {[%emt 0:00:22]} Nxc5 {[%emt 0:00:13]} 21. dxc5 {[%emt 0:00:00]
} Bg7 {[%emt 0:00:18]} 22. Qc1 {[%emt 0:00:01]} e5 {[%emt 0:00:08]} 23. fxe5 {
[%emt 0:00:13]} Bxe5 {[%emt 0:00:09]} 24. f4 {[%emt 0:00:10]} Bg7 {[%emt 0:00:
00]} 25. Qd1 {[%emt 0:00:03]} f5 {[%emt 0:00:07]} 26. Qf3 {[%emt 0:00:10]} Qf7
{[%emt 0:00:19]} 27. h4 {[%emt 0:00:12]} Re8 {[%emt 0:00:12]} 28. h5 {[%emt 0:
00:13]} Rad8 {[%emt 0:00:03]} 29. Kh1 {[%emt 0:00:22]} Qe6 {[%emt 0:00:04]} 30.
a4 {[%emt 0:00:04]} bxa4 {[%emt 0:00:11]} 31. bxa4 {[%emt 0:00:00]} Kf8 {
[%emt 0:00:06]} 32. Re1 {[%emt 0:00:11]} d4 {[%emt 0:00:02]} 33. e4 {[%emt 0:
00:02]} fxe4 {[%emt 0:00:02]} 34. Rxe4 {[%emt 0:00:00]} Qd7 {[%emt 0:00:02]}
35. f5 {[%emt 0:00:08]} gxf5 {[%emt 0:00:02]} 36. Rxe8+ {[%emt 0:00:06]} Rxe8 {
[%emt 0:00:02]} 37. Bxf5 {[%emt 0:00:02]} Qf7 {[%emt 0:00:01]} 38. Be4 {
[%emt 0:00:06]} Qxf3+ {[%emt 0:00:02]} 39. Bxf3 {[%emt 0:00:02]} Ne5 {[%emt 0:
00:01]} 40. Bd5 {[%emt 0:00:01]} d3 {[%emt 0:00:04]} 41. Rc1 {[%emt 0:00:00]}
Rd8 {[%emt 0:00:00]} 42. Be4 {[%emt 0:00:03]} h6 {[%emt 0:00:03]} 43. c6 {
[%emt 0:00:00]} Rc8 {[%emt 0:00:03]} 44. c7 {[%emt 0:00:00]} Ke7 {[%emt 0:00:
01]} 45. Bf5 {[%emt 0:00:04]} Nd7 {[%emt 0:00:01]} 46. Bb4+ {[%emt 0:00:00]}
Ke8 {[%emt 0:00:02]} 47. Bg6# {[%emt 0:00:03]} 1-0

[Event "RUS-ch Blitz 2021"]
[Site "Sochi"]
[Date "2021.10.11"]
[Round "5.17"]
[White "Savchenko, Boris"]
[Black "Khubukshanov, Erdem"]
[Result "1-0"]
[WhiteElo "2535"]
[BlackElo "2373"]
[Annotator "ChessBase"]
[PlyCount "43"]
[EventDate "2021.10.11"]
[EventType "blitz"]
[EventCountry "RUS"]
[SourceTitle "playchess.com"]
[Source "ChessBase"]
[SourceQuality "1"]
[TimeControl "180+2"]

1. e4 {[%emt 0:00:00]} c5 {[%emt 0:00:00]} 2. Nf3 {[%emt 0:00:00]} Nc6 {
[%emt 0:00:08]} 3. d4 {[%emt 0:00:02]} cxd4 {[%emt 0:00:00]} 4. Nxd4 {[%emt 0:
00:00]} Qb6 {[%emt 0:00:00]} 5. Nb3 {[%emt 0:00:07]} Nf6 {[%emt 0:00:00]} 6.
Nc3 {[%emt 0:00:00]} e6 {[%emt 0:00:03]} 7. Be3 {[%emt 0:00:00]} Qc7 {[%emt 0:
00:00]} 8. g4 {[%emt 0:00:06]} Bb4 {[%emt 0:00:00]} 9. Bg2 {[%emt 0:00:03]} d5
{[%emt 0:00:00]} 10. exd5 {[%emt 0:00:06]} Nxd5 {[%emt 0:00:03]} 11. Bxd5 {
[%emt 0:00:35]} exd5 {[%emt 0:00:02]} 12. Qxd5 {[%emt 0:00:04]} Bxg4 {[%emt 0:
00:10]} 13. Qe4+ {[%emt 0:00:07]} Be6 {[%emt 0:00:00]} 14. O-O-O {[%emt 0:00:
03]} Bxc3 {[%emt 0:00:33]} 15. bxc3 {[%emt 0:00:03]} O-O {[%emt 0:00:03]} 16.
Rhg1 {[%emt 0:00:11]} Rfe8 {[%emt 0:00:20]} 17. Rxg7+ {[%emt 0:00:33]} Kxg7 {
[%emt 0:00:08]} 18. Rg1+ {[%emt 0:00:05]} Kf8 {[%emt 0:00:23]} 19. Bc5+ {
[%emt 0:00:00]} Re7 {[%emt 0:00:02]} 20. Qxh7 {[%emt 0:00:10]} Ke8 {[%emt 0:00:
00]} 21. Rg8+ {[%emt 0:00:06]} Kd7 {[%emt 0:00:01]} 22. Qd3+ {[%emt 0:00:00]}
1-0